Genes VIII
Tallennettuna:
| Päätekijä: | |
|---|---|
| Aineistotyyppi: | Kirja |
| Kieli: | englanti |
| Julkaistu: |
Upper Saddle River
Pearson Education
2004
|
| Aiheet: | |
| Tagit: |
Lisää tagi
Ei tageja, Lisää ensimmäinen tagi!
|
MARC
| LEADER | 00000nam a2200000 a 4500 | ||
|---|---|---|---|
| 001 | UCK2551 | ||
| 003 | CL-VaPUC | ||
| 008 | 050304e20040000us |||||||||||||||||eng|d | ||
| 020 | |a 0131439812 | ||
| 082 | 0 | 4 | |a 576.5 |b LEW |2 21 |
| 100 | |a Lewin, Benjamin M |e author |9 552833 | ||
| 245 | 1 | 0 | |a Genes VIII |
| 300 | |a 1027 p | ||
| 942 | |c BK | ||
| 945 | |d 20050304 00:00:00 |a cmena | ||
| 260 | |a Upper Saddle River |b Pearson Education |c 2004 | ||
| 650 | 0 | |a Ácido desoxirribonucleico (ADN) |9 361158 | |
| 650 | 0 | |a Biotecnología |9 259561 | |
| 650 | 0 | |a Células |9 269548 | |
| 650 | 0 | |a Genes |9 330314 | |
| 650 | 0 | |a Genética |9 259443 | |
| 583 | |a last modification |c 20171204 01:31:33 |k Rodrigo Vera | ||
| 999 | |c 312055 |d 312053 | ||
| 952 | |0 0 |1 0 |4 0 |6 576_500000000000000_LEW_2004 |7 0 |8 A |9 381857 |a BIBCUR |b BIBCUR |d 2019-11-21 |i 4095677 |l 4 |o 576.5 LEW 2004 |p 4095677 |r 2025-04-25 |s 2025-04-17 |w 2019-11-21 |y BK |k QUI | ||